Laddar...
World economy today : recent economic trends : tends in world economy -6
| Huvudupphovsman: | |
|---|---|
| Materialtyp: | Printed Book |
| Språk: | Undetermined English |
| Publicerad: |
New Delhi
Deep and Deep Publication
1993
|
| Ämnen: |
| LEADER | 00641nam a2200193Ia 4500 | ||
|---|---|---|---|
| 008 | 140306s9999 xx 000 0 und d | ||
| 020 | |a 8171004857 | ||
| 041 | |a eng | ||
| 082 | |a 330.9 |b DEVWO | ||
| 100 | |a Devendra, Thakur | ||
| 245 | |a World economy today : recent economic trends : tends in world economy -6 | ||
| 260 | |a New Delhi |b Deep and Deep Publication |c 1993 | ||
| 300 | |a 315 | ||
| 365 | |b Rs.300 | ||
| 650 | |a Economics world | ||
| 650 | |a Market economy | ||
| 942 | |2 ddc |c BK | ||
| 999 | |c 181157 |d 181157 | ||
| 952 | |0 0 |1 0 |2 ddc |4 0 |6 330_900000000000000_DEVWO |7 0 |9 186710 |a KAUCBV |b KAUCBV |d 2004-10-02 |g 300.00 |o 330.9 DEVWO |r 2014-03-22 |w 2014-03-22 |y BK | ||